Sports Quiz

Random Sports or Golf Quiz

PGA Different Major Winners Quiz Stats

 Plays Quiz not verified by Sporcle

Challenge
Share
Tweet
Embed
Score 0/16 Timer 04:00
0 Plays Today
Winner % Correct
Phil Mickelson (USA)
91.9%
Bubba Watson (USA)
88.3%
Ernie Els (USA)
80.9%
Angel Cabrera (Argentina)
79.3%
Charl Schwartzel (South Africa)
77.3%
Darren Clarke (Britain)
72.7%
Keegan Bradley (USA)
71.7%
Padraig Harrington (Ireland)
69.7%
Winner % Correct
Webb Simpson (USA)
68.7%
Martin Kaymer (Germany)
68.7%
Stewart Cink (USA)
68.2%
Graeme McDowell (Britain)
68.2%
Yang Yong-eun (South Korea)
65.7%
Lucas Glover (USA)
62.1%
Louis Oosthuizen (South Africa)
61.6%
Rory Mcllroy (Britain)
53%

You're not logged in!

Compare scores with friends on all Sporcle quizzes.
Join for Free
OR
Log In

You Might Also Like...

Show Comments

Extras

Top Quizzes Today


Score Distribution

Your Account Isn't Verified!

In order to create a playlist on Sporcle, you need to verify the email address you used during registration. Go to your Sporcle Settings to finish the process.

Report this User

Report this user for behavior that violates our Community Guidelines.

Details: